000 00255nam a22001217a 4500
008 170628b xxu||||| |||| 00| 0 eng d
041 _aeng
080 _a821
100 _a21
101 _aGJL
245 _aTHE AGE OF FAITH
_cDURANT, W
942 _2udc
_cBK
999 _c19346
_d19346